| 000 | 00686nam a2200205 a 4500 | ||
|---|---|---|---|
| 001 | 5411 | ||
| 003 | CDMR | ||
| 005 | 20151019134801.0 | ||
| 008 | 130130s1987||||||||||||||||||||||||||||d | ||
| 020 | _a845056168X | ||
| 040 |
_aCDMR _bcat _cCDMR |
||
| 245 | 0 |
_aPeriodismo y periodistas en la guerra civil _c[Juan Marichal ... [et al.]] ; edición al cuidado de Jesús Manuel Martínez |
|
| 260 |
_aMadrid _c1987 _bFundación Banco Exterior |
||
| 300 | _a156 p. | ||
| 490 | 0 | _aSeminarios y Cursos | |
| 650 | 0 | 4 |
_92512 _aPeriodisme _xHistòria _yS. XX _zEspanya |
| 650 | 0 | 4 |
_93196 _aEspanya _xHistòria _y1936-1939, Guerra Civil |
| 700 | 1 |
_92743 _aMartínez, Jesús Manuel _eed. |
|
| 942 |
_cMON _2ddc |
||
| 999 |
_c5411 _d5411 |
||